000 00437nam a2200145Ia 4500
003 OSt
005 20260226094628.0
008 211028s2019 xx 000 0 und d
040 _cAIMIT LIBRARY
041 _aeng
100 _aBhat, Kamakshi Anant; Rose, Swapna.
_g1716086
_98064
245 _aStudy on working capital management with reference to Pharma Foods Ltd Kumta /
260 _aMangalore
_bSwapna Rose
_c2019
942 _2ddc
_cPRO
999 _c219632
_d219632